000
00213 a2200097 4500
001
46859
100
_a
Cook C
245
_a
Modern warfare
260
_a
London
_b
Weidenfeld and nicolson
_c
090
_c
29945
_d
29945
942
_a
NUST-CAE
_c
M
_c
22163
999
_c
281932
_d
281932